[Event "Capablanca Memorial op-B 48th"]
[Site "Havana"]
[Date "2013.04.28"]
[Round "7"]
[White "Dayan Sutton, Isaac"]
[Black "Dominguez Dager, Bessie"]
[Result "0-1"]
[WhiteElo "1971"]
[BlackElo "1896"]
[PlyCount "106"]
[EventDate "2013.04.21"]
[EventType "swiss"]
[EventRounds "9"]
[EventCountry "CUB"]
[SourceTitle "CBM 154 Extra"]
[Source "ChessBase"]
[SourceDate "2013.06.25"]
[SourceVersion "2"]
[SourceVersionDate "2013.06.25"]
[SourceQuality "1"]

1. e4 e5 2. Nf3 Nc6 3. Bb5 f5 4. d3 fxe4 5. dxe4 Nf6 6. Nbd2 Bc5 7. c3 0-0 8. 0-0 d6 9. Qc2 Qe8 10. b4 Bb6 11. Nc4 Qg6 12. Nxb6 axb6 13. Re1 Nh5 14. Nh4 Qg4 15. g3 Nf4 16. Bxf4 exf4 17. Bxc6 bxc6 18. Ng2 f3 19. Ne3 Qh3 20. Qd3 Qh5 21. Qf1 Bh3 22. Qc4+ Kh8 23. Qxc6 Rae8 24. Red1 Be6 25. Rd4 g5 26. Qb5 Rf6 27. Kf1 Rg8 28. Ke1 Qxh2 29. Rdd1 Rh6 30. Qd3 c5 31. Nf1 Qg1 32. Qxf3 Kg7 33. Qe2 Rf8 34. f3 Bh3 35. Rd3 Bxf1 36. Qxf1 Qxg3+ 37. Kd1 g4 38. f4 Rxf4 39. Qe2 Qg1+ 40. Kc2 Qxa1 41. Kb3 Qb1+ 42. Ka3 c4 43. Rd4 Qc1+ 44. Ka4 Qxc3 45. Rxc4 b5+ 46. Kxb5 Qe5+ 47. Ka4 d5 48. Rc5 Rxe4 49. Qc2 Ra6+ 50. Kb5 Qd6 51. Rc7+ Kg6 52. Rb7 Ra8 53. Rb6 Rb8 0-1